[Event "Orel"]
[Site "Orel"]
[Date "1992.??.??"]
[Round "?"]
[White "Kholmov, Ratmir D"]
[Black "Beshukov, Sergei"]
[Result "1/2-1/2"]
[WhiteElo "2485"]
[BlackElo "2500"]

1.e4 c5 2.Nf3 Nc6 3.Bb5 e6 4.Bxc6 bxc6 5.d3 d5 6.Qe2 Ba6 7.c4 Nf6 8.b3 Be7
9.O-O O-O 10.Nc3 Nd7 11.Re1 d4 12.Na4 e5 13.h3 Bd6 14.g4 Nb6 15.Nb2 Bc8 16.Kh1 f6
17.Rg1 Be6 18.Nh4 g6 19.Nf5 Bc7 20.Bh6 Rf7 21.Rg2 Kh8 22.Rag1 Qd7 23.Qf3 Re8
24.Bd2 Qc8 25.Nh6 Rff8 26.Qg3 Qa6 27.a4 Qb7 28.Rb1 Nd7 29.Nd1 Qc8 30.h4 Re7
31.f3 Rg7 32.Nf2 Nb8 33.Rgg1 Qd8 34.Nh3 Qe7 35.Rg2 Bd6 36.f4 exf4 37.Bxf4 Bxf4
38.Nxf4 Nd7 39.Rf2 Bg8 40.g5 Qe5 41.gxf6 Qxf6 42.Nh3 Qd8 43.Rxf8 Qxf8 44.Kg2 Re7
45.Nxg8 Kxg8 46.Rf1 Qb8 47.Qg5 Qe5 48.Qg4 Qe6 49.Qf3 Qf7 50.Qxf7+ Rxf7 51.Rxf7 Kxf7
52.Ng5+ Ke7 53.Nf3 Kf6 54.Kg3 Ne5 55.Nxe5 Kxe5 56.Kg4 h6 57.Kf3 a5 58.Kg4 Ke6
59.Kf4 Kf6 60.Kg4 Ke6  1/2-1/2

[Event "RUS-ch sf"]
[Site "Orel"]
[Date "1992.??.??"]
[Round "?"]
[White "Kalegin, Evgenij"]
[Black "Shariyazdanov, Andrey"]
[Result "1-0"]
[WhiteElo "2370"]
[BlackElo "2360"]

1.e4 c5 2.Nf3 Nc6 3.Bb5 g6 4.Bxc6 dxc6 5.h3 Bg7 6.d3 e5 7.Bg5 f6 8.Be3 b6
9.Qc1 Be6 10.Nc3 Qd7 11.a3 Ne7 12.Bh6 Nc8 13.Bxg7 Qxg7 14.Qe3 Qe7 15.Nh2 g5
16.h4 gxh4 17.f4 Qg7 18.Ne2 Ne7 19.O-O-O Qh6 20.Qd2 Rg8 21.Nf3 h3 22.gxh3 Qh5
23.Qe3 O-O-O 24.Qf2 Qh6 25.Kb1 exf4 26.Nh4 Ng6 27.Nxg6 hxg6 28.Nxf4 Rge8
29.h4 Bf7 30.Rdg1 c4 31.Nxg6 cxd3 32.cxd3 Bxg6 33.Qxf6 Qd2 34.Rd1 Bxe4 35.Rxd2 Bxh1
36.Kc2 Bd5 37.h5 a5 38.b3 b5 39.h6 Rd7 40.Rf2 Re3 41.Rh2 Ree7 42.Qh8+ Kb7
43.h7 Re3 44.Qc3  1-0

[Event "Osijek"]
[Site "Osijek"]
[Date "1992.??.??"]
[Round "9"]
[White "Ermenkov, Evgenij"]
[Black "Gyorkos, Lajos"]
[Result "0-1"]
[WhiteElo "2505"]
[BlackElo "2450"]

1.e4 c5 2.Nf3 Nc6 3.Bb5 d6 4.O-O Bd7 5.c3 Nf6 6.d3 g6 7.Re1 Bg7 8.h3 O-O
9.Nbd2 Ne5 10.Bxd7 Qxd7 11.Nxe5 dxe5 12.Nc4 Ne8 13.a4 Nc7 14.a5 Ne6 15.Qc2 Rad8
16.Rd1 Qc6 17.Qa4 Qc8 18.f3 Rd7 19.Kf1 h5 20.Be3 Kh7 21.Rab1 Rfd8 22.Ke2 Qc7
23.h4 Nf4+ 24.Bxf4 exf4 25.Rd2 f5 26.Rbd1 Bf6 27.Qb5 e6 28.a6 b6 29.Rh1 fxe4
30.fxe4 Rf7 31.Kd1 Bg7 32.Kc2 f3 33.gxf3 Rxf3 34.e5 Bxe5 35.Re2 Bg7 36.Rxe6 Rfxd3
37.Kb3 Rf8 38.Rhe1 Rd7 39.Rc6 Qd8 40.Ree6 Re7 41.Red6 Qe8 42.Rxg6 Rf2 43.Rgd6 Qf7
44.Ka3 Rf4 45.Nd2 Qf5 46.Qd3 Qxd3 47.Rxd3 Rxh4 48.Nf3 Rf4 49.Ng5+ Kg8 50.Rcd6 Rf6
51.Rd8+ Rf8 52.R8d6 h4 53.Ka4 Kh8 54.Kb5 Rc8 55.Rd2 c4 56.Rh2 Re5+ 57.Ka4 Ra5+
58.Kb4 Bf8  0-1

[Event "Oslo"]
[Site "Oslo"]
[Date "1992.??.??"]
[Round "5"]
[White "Kveinys, Aloyzas"]
[Black "Groenn, Atle"]
[Result "1-0"]
[WhiteElo "2485"]
[BlackElo "2310"]

1.e4 c5 2.Nf3 Nc6 3.Bb5 g6 4.O-O Bg7 5.c3 Nf6 6.Re1 O-O 7.d4 cxd4 8.cxd4 d5
9.e5 Ne4 10.Bxc6 bxc6 11.Nbd2 c5 12.dxc5 Nxc5 13.Nb3 Nxb3 14.Qxb3 Bf5 15.Qa3 Qd7
16.Nd4 Be4 17.f3 Bf5 18.Bg5 Rfe8 19.Rac1 h6 20.Bh4 Bf8 21.Rc6 Rec8 22.Rec1 Rxc6
23.Rxc6 Rc8 24.Qc5 Rxc6 25.Qxc6 g5 26.Bf2 Bg7 27.Bg3 Kh7 28.h3 f6 29.Qc5 e6
30.Nxf5 exf5 31.Qd6 Qxd6 32.exd6 Bf8 33.d7 Bc5+ 34.Bf2 Be7 35.Bxa7 Bd8 36.b4 Kg7
37.b5 Kf7 38.b6  1-0

[Event "Oslo-B"]
[Site "Oslo"]
[Date "1992.??.??"]
[Round "7"]
[White "Johannessen, Svein"]
[Black "Bern, Ivar"]
[Result "1/2-1/2"]
[WhiteElo "2350"]
[BlackElo "2395"]

1.e4 c5 2.Nf3 Nc6 3.Bb5 Nf6 4.e5 Nd5 5.O-O g6 6.Re1 Bg7 7.Nc3 Nc7 8.Bxc6 dxc6
9.h3 O-O 10.d3 Ne6 11.Ne4 Qc7 12.Neg5 Nxg5 13.Bxg5 Be6 14.Qe2 Rfe8 15.Qe3 b6
16.Bh6 Rad8 17.Bxg7 Kxg7 18.Qf4 Qc8  1/2-1/2

[Event "Ostrava"]
[Site "Ostrava"]
[Date "1992.??.??"]
[Round "1"]
[White "Mortensen, Erling"]
[Black "Schmittdiel, Eckhard"]
[Result "1-0"]
[WhiteElo "2420"]
[BlackElo "2480"]

1.e4 c5 2.Nf3 Nc6 3.Bb5 g6 4.O-O Bg7 5.Re1 e5 6.b4 cxb4 7.a3 b3 8.cxb3 Nge7
9.Nc3 O-O 10.Bc4 Na5 11.d3 d6 12.Bg5 h6 13.Bh4 Nxc4 14.dxc4 g5 15.Bg3 f5
16.exf5 Nxf5 17.Qd5+ Kh8 18.Rad1 Qb6 19.b4 Nxg3 20.hxg3 Bg4 21.Re3 a5 22.Qxd6 Qxd6
23.Rxd6 axb4 24.axb4 Ra1+ 25.Kh2 Rc1 26.Nxe5 Rxc3 27.Nxg4 Rxc4 28.Ne5 Bxe5
29.Rxe5 Rxb4 30.f3 Kg7 31.Ree6 Rb5 32.Rg6+ Kf7 33.Rxh6 Rc8 34.Rd7+ Kg8 35.Rhh7 b6
36.Rdg7+ Kf8 37.Rb7 Kg8 38.Rhg7+ Kh8 39.Rh7+ Kg8 40.Rh6 Rcc5 41.Rd6 Rc8 42.Kh3  1-0

[Event "Ostrava op"]
[Site "Ostrava"]
[Date "1992.??.??"]
[Round "2"]
[White "Talla, Vladimir"]
[Black "Zapolskis, Antanas"]
[Result "1-0"]
[WhiteElo "2230"]
[BlackElo "2400"]

1.e4 c5 2.Nf3 Nc6 3.Bb5 e6 4.O-O Nge7 5.b3 a6 6.Bxc6 Nxc6 7.Bb2 b5 8.a4 Bb7
9.d4 cxd4 10.Nxd4 b4 11.Nd2 Qc7 12.Re1 Rd8 13.Nc4 Nxd4 14.Bxd4 Qb8 15.Bb6 Rc8
16.Qd4 f6 17.Rad1 Bc6 18.Bc5 e5 19.Qe3 Kf7 20.Bd6 Qa8 21.Nb6 Qb7 22.Nxc8 Qxc8
23.Bxf8 Rxf8 24.Qb6 Kg8 25.Qxb4 f5 26.exf5 Rxf5 27.Qe7 Qb8 28.Rxd7 Bxd7 29.Qxd7 Qf8
30.Qe6+ Kh8 31.Re2 a5 32.h3 h6 33.Rxe5 Rxf2 34.Qe8 Rf1+ 35.Kh2 Qxe8 36.Rxe8+ Kh7
37.Re5 Rf2 38.Rxa5 Rxc2 39.Rb5 Ra2 40.a5 Kg6 41.Rb6+ Kg5 42.a6 h5 43.h4+ Kxh4
44.Rb4+  1-0

[Event "Ostrava"]
[Site "Ostrava"]
[Date "1992.??.??"]
[Round "4"]
[White "Rasik, Vitezslav"]
[Black "Plachetka, Jan"]
[Result "1/2-1/2"]
[WhiteElo "2385"]
[BlackElo "2475"]

1.e4 c5 2.Nf3 Nc6 3.Bb5 Nf6 4.Nc3 Nd4 5.e5 Nxb5 6.Nxb5 Nd5 7.O-O a6 8.c4 Nb6
9.Nc3 d5 10.d4 cxd4 11.Qxd4 dxc4 12.Qh4 Bf5 13.Be3 Nd5 14.Rad1 e6 15.Qxc4 Qc8
16.Qxc8+ Rxc8 17.Nxd5 exd5 18.Rc1 Bb4 19.Rxc8+ Bxc8 20.Rc1 O-O 21.Bc5 Bxc5
22.Rxc5 Re8 23.Nd4 f6 24.f4 fxe5 25.fxe5 Be6 26.Nxe6 Rxe6 27.Rxd5 Kf7 28.b3 Re7
29.Kf2 Ke6 30.Rc5 Kf5 31.Kf3 h5 32.e6+ Kxe6 33.Rxh5 Rc7 34.Rg5 Kf6 35.Rd5 Rc2
36.Rd6+ Ke7 37.Rb6 Rxa2 38.h4 a5 39.Rxb7+ Kf6 40.Rb6+ Kf7 41.g4 a4 42.b4 a3
43.Kf4 Rf2+ 44.Kg5 Rf6 45.Rb7+ Kg8 46.Ra7 Rb6 47.Kh5 Rh6+ 48.Kg5 Rb6 49.Rxa3 Rxb4
50.Kh5 Kh7 51.Ra7 Rb5+ 52.g5 Rb6 53.Ra4 g6+ 54.Kg4 Kg7 55.Ra7+ Kg8 56.Kf4 Rb4+
57.Ke5 Rb5+ 58.Kf6 Rb6+  1/2-1/2

[Event "Ostrava op"]
[Site "Ostrava"]
[Date "1992.??.??"]
[Round "5"]
[White "Shur, Mikhail"]
[Black "Bagaturov, Giorgi"]
[Result "0-1"]
[WhiteElo "2420"]
[BlackElo "2420"]

1.e4 c5 2.Nf3 Nc6 3.Bb5 g6 4.O-O Bg7 5.c3 Nf6 6.e5 Nd5 7.d4 cxd4 8.cxd4 O-O
9.Nc3 Nc7 10.Ba4 d6 11.Bxc6 bxc6 12.h3 Ne6 13.Be3 Bb7 14.exd6 Qxd6 15.Ne4 Qd5
16.Nc5 Bc8 17.Nxe6 Bxe6 18.Qe2 Qd6 19.Bg5 Rfe8 20.Qe3 Bd5 21.Bf4 Qb4 22.Qc3 c5
23.Qxb4 cxb4 24.Ne5 Rec8 25.b3 a5 26.Rfc1 Rd8 27.a3 a4 28.axb4 axb3 29.Rxa8 Bxa8
30.Be3 Bxe5 31.dxe5 Be4  0-1

[Event "Ostrava op"]
[Site "Ostrava"]
[Date "1992.??.??"]
[Round "7"]
[White "Golubev, Mihail"]
[Black "Putjatina, Nadezhda"]
[Result "1-0"]
[WhiteElo "2465"]
[BlackElo "2105"]

1.e4 c5 2.Nf3 Nc6 3.Bb5 g6 4.O-O Bg7 5.c3 Nf6 6.Re1 O-O 7.h3 d5 8.e5 Ne8
9.d4 c4 10.Ba4 Nc7 11.Bc2 f6 12.exf6 exf6 13.Nbd2 Be6 14.Nf1 Qd7 15.Bf4 Bf7
16.Qd2 g5 17.Bxc7 Qxc7 18.Ng3 Ne7 19.h4 g4 20.Nh2 h5 21.Nhf1 Ng6 22.Nf5 Rfe8
23.N1g3 Qf4 24.Re3 Nf8 25.Nxg7 Kxg7 26.Nxh5+ Bxh5 27.Re7+ Rxe7 28.Qxf4 Re2
29.Bf5 Rae8 30.Rb1 Ng6 31.Qg3 Rd2 32.Bxg4 Bxg4 33.Qxg4 Re4 34.Qd7+ Kh6 35.Qxd5 Rxh4
36.g3 Rg4 37.Qf3 Rg5 38.Qxf6 Kh5 39.Qf3+ Kh6 40.Qe3 Rd3 41.Qe6 Rd2 42.Kg2  1-0

[Event "Pamplona"]
[Site "Pamplona"]
[Date "1992.??.??"]
[Round "9"]
[White "Magem Badals, Jorge"]
[Black "Damljanovic, Branko"]
[Result "1/2-1/2"]
[WhiteElo "2510"]
[BlackElo "2595"]

1.e4 c5 2.Nf3 Nc6 3.Bb5 e6 4.O-O Nge7 5.c3 a6 6.Ba4 b5 7.Bc2 Bb7 8.Re1 Rc8
9.d4 cxd4 10.cxd4 Nb4 11.Bb3 Rxc1 12.Qxc1 Nd3 13.Qe3 Nxe1 14.Qxe1 Ng6 15.Qe3 Bd6
16.g3 O-O 17.Nbd2 Qc7 18.Ne1 Bb4 19.Rd1 Ba5 20.Nd3 d6 21.h4 Bb6 22.Nf3 h6
23.Nf4 Nxf4 24.Qxf4 Rc8 25.g4 Qe7 26.g5 h5 27.g6 fxg6 28.Ng5 d5 29.Qe5 Qf6
30.Qxe6+ Qxe6 31.Nxe6 Kf7 32.exd5 Ke7 33.Re1 Kd6 34.Nf4 Bxd4 35.Re6+ Kd7
36.Rxg6 Rc1+ 37.Kg2 Bxb2 38.Nd3 Rb1 39.Nxb2 Rxb2 40.Rxg7+ Kc8 41.Rg5 a5 42.Rxh5 a4
43.Bd1 Rxa2 44.Bf3 Rd2 45.Rh8+ Kd7 46.Rh7+ Kc8 47.Rh8+ Kd7 48.Rh7+  1/2-1/2

[Event "Pardubice op"]
[Site "Pardubice"]
[Date "1992.??.??"]
[Round "4"]
[White "Janocha, Wieslaw"]
[Black "Blodstein, Arkady"]
[Result "0-1"]
[WhiteElo "2305"]
[BlackElo "2375"]

1.e4 c5 2.Nf3 Nc6 3.Bb5 g6 4.O-O Bg7 5.c3 Nf6 6.Re1 O-O 7.d4 cxd4 8.cxd4 d5
9.e5 Ne4 10.Nc3 Nxc3 11.bxc3 Na5 12.Bd3 Bg4 13.h3 Bxf3 14.Qxf3 Rc8 15.Bf1 Qd7
16.Rb1 Nc4 17.h4 Rc6 18.h5 Rd8 19.Bg5 f6 20.exf6 exf6 21.Bc1 Qf7 22.hxg6 hxg6
23.Bd3 Nd6 24.Ba3 f5 25.Bxd6 Rdxd6 26.Bb5 Rc8 27.Ba4 Bf6 28.Qg3 Ra6 29.Bb3 Kg7
30.Qf3 Rd6 31.Re3 Rh8 32.Rbe1 Rh4 33.Bc2 Ra6 34.g3 Rg4 35.Qh1 Rxa2 36.Bb3 Ra5
37.Kg2 Re4 38.Rxe4 fxe4 39.Rxe4 Ra3  0-1

[Event "Pardubice op"]
[Site "Pardubice"]
[Date "1992.??.??"]
[Round "4"]
[White "Karnik, Pavel"]
[Black "Vaysman, Alexander"]
[Result "1-0"]
[WhiteElo "2295"]
[BlackElo "2380"]

1.e4 c5 2.Nf3 Nc6 3.Bb5 d6 4.d4 cxd4 5.Qxd4 Bd7 6.Bxc6 Bxc6 7.Nc3 Nf6 8.Bg5 e6
9.O-O-O Be7 10.Rhe1 O-O 11.Kb1 Qa5 12.Qd2 Qa6 13.Nd4 Rac8 14.f3 b5 15.g4 Qb7
16.h4 a5 17.Bxf6 Bxf6 18.g5 Be5 19.Nce2 b4 20.h5 Rfe8 21.Qd3 a4 22.Nxc6 Rxc6
23.f4 Bc3 24.Rg1 a3 25.Nxc3 Rxc3 26.Qxd6 Rcc8 27.Qe5 Qc6 28.Rd2 axb2 29.Rg3 Qc5
30.Qxc5 Rxc5 31.Kxb2 Rc4 32.Re3 Rec8 33.Red3 Kf8 34.Rd4 Ke8 35.Kb3 Rc3+ 36.Kxb4 Rf3
37.c4 Rxf4 38.c5 Rf1 39.Rc2 Rg1 40.c6 Rxg5 41.c7 Re5 42.a4 f5 43.exf5 Rxf5
44.a5 Rf7 45.a6 Rfxc7 46.Rxc7 Rxc7 47.Kb5 Ke7 48.Ra4 Rc8 49.a7 Ra8 50.Kb6 Kf6
51.Kb7 Rxa7+ 52.Rxa7 g6 53.h6 Kg5 54.Kc6 Kxh6 55.Kd6 Kg5 56.Rxh7 Kf5 57.Rf7+ Ke4
58.Kxe6 g5 59.Kf6 g4 60.Kg5 g3 61.Kh4  1-0

[Event "Pardubice op"]
[Site "Pardubice"]
[Date "1992.??.??"]
[Round "4"]
[White "Mrva, Martin"]
[Black "Nun, Jiri"]
[Result "0-1"]
[WhiteElo "2315"]
[BlackElo "2440"]

1.e4 c5 2.Nf3 Nc6 3.Bb5 e6 4.O-O Nge7 5.Re1 Ng6 6.d4 cxd4 7.Nxd4 Qb6 8.Bxc6 bxc6
9.Nc3 Be7 10.Nb3 O-O 11.e5 Qc7 12.Qh5 f6 13.exf6 Bxf6 14.Ne4 d5 15.Nxf6+ Rxf6
16.Bg5 Rf7 17.Qe2 e5 18.f3 Bd7 19.Rad1 Raf8 20.c4 d4 21.Nd2 h6 22.Bh4 Nxh4
23.Qxe5 Qxe5 24.Rxe5 Ng6 25.Rh5 Be6 26.Rc5 Rd7 27.Rxc6 Bf7 28.Re1 Rfd8 29.g3 Kf8
30.Kf2 Ne7 31.Rc5 Rb8 32.b3 Rb6 33.Rce5 Nc6 34.Rf5 Nb4 35.Ra1 Kg8 36.a3 Bg6
37.Ra5 Nc2 38.Rc1 d3 39.Rd5 Rxd5 40.cxd5 Rd6 41.g4 Rxd5 42.f4 Rd7 43.Nc4 Be4
44.Rd1 Rd4 45.Kg3 Bd5 46.Nd2 Nxa3 47.Ra1 Nb5 48.Ra5 Nc3 49.Kf2 Ne4+  0-1

[Event "Pardubice op"]
[Site "Pardubice"]
[Date "1992.??.??"]
[Round "4"]
[White "Vaulin, Alexander"]
[Black "Moroz, Alexander"]
[Result "1-0"]
[WhiteElo "2515"]
[BlackElo "2420"]

1.e4 c5 2.Nf3 Nc6 3.Bb5 e6 4.O-O Nge7 5.c3 a6 6.Ba4 c4 7.Bc2 Ng6 8.b3 b5
9.Qe2 Qc7 10.bxc4 Nf4 11.Qe3 bxc4 12.Ba3 Be7 13.Bxe7 Nxe7 14.Na3 O-O 15.Rfe1 Nfg6
16.h4 f5 17.h5 Nf4 18.h6 gxh6 19.Nxc4 Bb7 20.Qb6 Qxb6 21.Nxb6 Rad8 22.Rab1 fxe4
23.Bxe4 d5 24.Bc2 Rf6 25.Ne5 Bc6 26.d4 h5 27.Ba4 Bxa4 28.Nxa4 Neg6 29.Nxg6 hxg6  1-0

[Event "Pardubice op"]
[Site "Pardubice"]
[Date "1992.??.??"]
[Round "5"]
[White "Shtyrenkov, Veniamen"]
[Black "Bagaturov, Giorgi"]
[Result "0-1"]
[WhiteElo "2460"]
[BlackElo "2435"]

1.e4 c5 2.Nf3 Nc6 3.Bb5 g6 4.O-O Bg7 5.Re1 Nf6 6.e5 Nd5 7.Nc3 Nc7 8.Bxc6 bxc6
9.Ne4 Ne6 10.d3 O-O 11.Bd2 d6 12.exd6 exd6 13.Bc3 Nd4 14.Nxd4 cxd4 15.Bd2 f5
16.Ng5 Bd7 17.Bf4 Qf6 18.Nf3 h6 19.h4 c5 20.Qd2 Kh7 21.Ng5+ Kg8 22.Nf3 Kh7
23.Ng5+ Kg8 24.b4 Rfc8 25.Nf3 Kh7 26.Re2 Bc6 27.Rae1 Bxf3 28.gxf3 Qxh4 29.Bxd6 cxb4
30.Bxb4 Rc6 31.Kg2 Qf6 32.Re7 g5 33.Rb7 Re6 34.Rxe6 Qxe6 35.Qe1 Qg6 36.Qe5 g4
37.Kf1 gxf3 38.Qg3 Rc8 39.Qxg6+ Kxg6 40.Rxa7 Rxc2 41.a4 Rc1+ 42.Be1 h5 43.a5 h4
44.Ra6+ Bf6  0-1

[Event "Pardubice op"]
[Site "Pardubice"]
[Date "1992.??.??"]
[Round "9"]
[White "Chernyshov, Konstantin"]
[Black "Salai, Ladislav"]
[Result "0-1"]
[WhiteElo "2485"]
[BlackElo "2380"]

1.e4 c5 2.Nf3 Nc6 3.Bb5 g6 4.O-O Bg7 5.c3 Nf6 6.Re1 O-O 7.d4 d5 8.exd5 Qxd5
9.c4 Qd6 10.d5 Nd4 11.Nxd4 cxd4 12.Nd2 a6 13.Ba4 b5 14.Bb3 Bb7 15.cxb5 Nxd5
16.Ne4 Qb6 17.bxa6 Rxa6 18.Bg5 h6 19.Bxd5 Bxd5 20.Bxe7 Re8 21.Ng3 Qxb2 22.a3 Re6
23.Rxe6 Bxe6 24.Rb1 Qa2 25.Rb7 Qd5 26.Ra7 d3 27.Bb4 Bd4 28.Ra5 Qa2 29.Qd2 Qb1+
30.Qe1 Qc2 31.h4 Rc8 32.Bd2 Rb8 33.Kh2 Rb1 34.Qe4 Qd1 35.Nf1 Bg7 36.h5 Qe2
37.Qa8+ Kh7 38.hxg6+ fxg6 39.Qa7 Qg4 40.Ra4 Qh5+ 41.Kg3 Rxf1 42.Rh4 Qe5+
43.Bf4 Qd4 44.Qe7 Qxf2+ 45.Kh2 h5 46.Qg5 Bf7 47.a4 d2  0-1

[Event "Pardubice op"]
[Site "Pardubice"]
[Date "1992.??.??"]
[Round "9"]
[White "Zigura, Oleg"]
[Black "Votava, Jan"]
[Result "1-0"]
[WhiteElo "2285"]
[BlackElo "2435"]

1.e4 c5 2.Nf3 Nc6 3.Bb5 d6 4.d4 cxd4 5.Qxd4 Qd7 6.Bxc6 bxc6 7.O-O Nf6 8.h3 g6
9.Nc3 Bg7 10.e5 dxe5 11.Qxe5 O-O 12.Qc5 Qd6 13.Be3 Bf5 14.Qxd6 exd6 15.Nd4 Bd7
16.Rfd1 d5 17.b4 Rfb8 18.a3 a5 19.Na4 axb4 20.axb4 Rxb4 21.Nc5 Rc8 22.Ra7 Be8
23.Rda1 Ne4 24.Nxe4 dxe4 25.c3 Rbb8 26.Bf4 c5 27.Bxb8 cxd4 28.Bf4 Bc6 29.R7a6 g5
30.cxd4 Bb7 31.Be3 Bxa6 32.Rxa6 h6 33.g4 Rd8 34.Ra4 Kf8 35.Kg2 Bf6 36.f3 exf3+
37.Kxf3 Kg7 38.Ke4 Re8+ 39.Kd3 Rb8 40.d5 Kf8 41.Bc5+ Ke8 42.Ke4 Rb1 43.Ra8+ Bd8
44.Ra6 f6 45.Ra7 Rh1 46.Rh7 Rxh3 47.d6 Ba5 48.d7+ Kd8 49.Kd5 Rd3+ 50.Kc6  1-0

[Event "Paris-ch"]
[Site "Paris"]
[Date "1992.??.??"]
[Round "2"]
[White "Estrada Nieto, Julian"]
[Black "Stranjakovitch, Jean"]
[Result "0-1"]
[WhiteElo "2275"]
[BlackElo "2235"]

1.e4 c5 2.Nf3 Nc6 3.Bb5 Qc7 4.Bxc6 Qxc6 5.Nc3 e6 6.O-O a6 7.d4 cxd4 8.Qxd4 f6
9.Be3 Ne7 10.Qd2 Ng6 11.Nd4 Qc7 12.f4 Be7 13.Nce2 O-O 14.h3 b5 15.b3 Rd8
16.c4 Bb7 17.Qc2 Rac8 18.f5 Nf8 19.fxe6 dxe6 20.Rab1 Qe5 21.Rf4 Ng6 22.Rg4 f5
23.Nf3 Bxe4 24.Nxe5 Bxc2 25.Nxg6 hxg6 26.Rc1 Bd3 27.Rxg6 Bxe2 28.Rxe6 Ba3
29.Re1 Bd3 30.Rxa6 Bb4 31.Rd1 bxc4 32.bxc4 Bxc4 33.Rxd8+ Rxd8 34.Ra4 Rd1+
35.Kf2 Rf1+ 36.Kg3 Be1+ 37.Kh2 f4 38.Bg1 Bg3+ 39.Kh1 Bd5 40.Rd4 f3  0-1

[Event "Paris-ch"]
[Site "Paris"]
[Date "1992.??.??"]
[Round "4"]
[White "Degraeve, Jean Marc"]
[Black "Van Doeland, Julius H"]
[Result "1-0"]
[WhiteElo "2470"]
[BlackElo "2295"]

1.e4 c5 2.Nf3 Nc6 3.Bb5 e6 4.O-O Nge7 5.c3 a6 6.Ba4 d5 7.exd5 Qxd5 8.d4 b5
9.c4 bxc4 10.Nc3 Qd8 11.d5 exd5 12.Nxd5 Bd7 13.Re1 Ra7 14.Bf4 f6 15.Nd2 Kf7
16.Nxc4 Ng6 17.Bb3 Nd4 18.Nc7 Be7 19.Qh5 Kf8 20.Rxe7 Ne2+ 21.Rxe2 Nxf4 22.Qxc5+  1-0

[Event "Paris-ch"]
[Site "Paris"]
[Date "1992.??.??"]
[Round "4"]
[White "Belkhodja, Slim"]
[Black "Avshalumov, Alex"]
[Result "1/2-1/2"]
[WhiteElo "2395"]
[BlackElo "2480"]

1.e4 c5 2.Nf3 Nc6 3.Bb5 e6 4.O-O Nge7 5.Re1 a6 6.Bxc6 Nxc6 7.Nc3 Be7 8.d4 cxd4
9.Nxd4 O-O 10.Nxc6 bxc6 11.e5 f6 12.exf6 Bxf6 13.Ne4 d5 14.Nxf6+ Qxf6 15.f4 c5
16.Qe2 d4 17.c3 Rd8 18.cxd4 cxd4 19.Bd2 Rd5 20.Rac1 Bd7 21.Rc7 a5 22.Qe4 Qd8
23.Rec1 Rc8 24.Rxc8 Bxc8 25.h3 Bd7 26.f5 Qb6 27.fxe6 Qxe6 28.Qxe6+ Bxe6 29.b4 a4
30.a3 Kf7 31.Bf4 g5 32.Bd2 h6 33.Rc5 Kf6 34.Kf2 Ke5 35.h4 gxh4 36.Bxh6 Ke4
37.Rxd5 Bxd5 38.Bg5 Kd3 39.Bxh4 Kc2 40.Bg5 Kb2 41.Bf6  1/2-1/2

[Event "Paris-ch"]
[Site "Paris"]
[Date "1992.??.??"]
[Round "5"]
[White "Abravanel, Chely"]
[Black "Degraeve, Jean Marc"]
[Result "0-1"]
[WhiteElo "2320"]
[BlackElo "2470"]

1.e4 c5 2.Nf3 Nc6 3.Bb5 g6 4.O-O Bg7 5.c3 Nf6 6.Re1 Qb6 7.Na3 O-O 8.e5 Ne8
9.d4 cxd4 10.cxd4 d5 11.Bg5 f6 12.exf6 exf6 13.Bf4 g5 14.Qb3 gxf4 15.Qxd5+ Kh8
16.Qh5 Nd6 17.Bd3 f5 18.Nc4 Qd8 19.Ng5 h6 20.Nxd6 Qxd6 21.Nf7+ Rxf7 22.Qxf7 Bd7
23.Bxf5 Bxf5 24.Qxf5 Nxd4 25.Qf7 Qc6 26.Re7 Rg8 27.Qxf4 Ne2+ 28.Rxe2 Bxb2
29.g3 Bxa1 30.Qf7 Rd8 31.Re1 Bg7 32.h4 Rf8 33.Qb3 Bd4 34.Re2 Qf6 35.Qc2 Qf3
36.Kh2 Bxf2 37.Qg6 Bxg3+ 38.Kh3 Bb8+  0-1

[Event "Paris-ch"]
[Site "Paris"]
[Date "1992.??.??"]
[Round "6"]
[White "Arki, Mikael"]
[Black "Chevallier, Didier"]
[Result "1/2-1/2"]
[WhiteElo "2225"]
[BlackElo "2305"]

1.e4 c5 2.Nf3 Nc6 3.Bb5 Nd4 4.Nxd4 cxd4 5.O-O Qb6 6.Bc4 e6 7.d3 d6 8.c3 g6
9.cxd4 Bg7 10.Nc3 Ne7 11.Bb5+ Kf8 12.Qf3 Bxd4 13.Bh6+ Bg7 14.Qf6 Rg8 15.Bxg7+ Rxg7
16.Rae1 Nc6 17.Bxc6 bxc6 18.Na4 Qc7 19.e5 Ba6 20.Re3 Rd8 21.Rfe1 Qe7 22.Qxe7+ Kxe7
23.Rc1 dxe5 24.Nc5 Bc8 25.Rxe5 Rd4 26.Rc3 Kd6 27.Re1 f5 28.Rec1 Rc7 29.a3 a5
30.Nb3 Rd5 31.Nc5 Rd4 32.Nb3  1/2-1/2

[Event "Paris-ch"]
[Site "Paris"]
[Date "1992.??.??"]
[Round "6"]
[White "Belkhodja, Slim"]
[Black "Ikonnikov, Vyacheslav"]
[Result "1/2-1/2"]
[WhiteElo "2395"]
[BlackElo "2490"]

1.e4 c5 2.Nf3 Nc6 3.Bb5 g6 4.O-O Bg7 5.c3 Nf6 6.Re1 O-O 7.d4 cxd4 8.cxd4 d5
9.e5 Ne4 10.Bxc6 bxc6 11.Nbd2 c5 12.dxc5 Nxc5 13.Nb3 Nxb3 14.Qxb3 Bg4 15.Nd4 Qd7
16.Qg3 Rab8 17.b3 Rb6 18.Bg5 h6 19.Bxe7 Qxe7 20.Qxg4 Bxe5 21.Nf5 Qe6 22.Nxh6+ Kh7
23.Qh4 Bxa1 24.Ng4+  1/2-1/2

[Event "Paris-ch"]
[Site "Paris"]
[Date "1992.??.??"]
[Round "8"]
[White "Belkhodja, Slim"]
[Black "Stranjakovitch, Jean"]
[Result "1-0"]
[WhiteElo "2395"]
[BlackElo "2235"]

1.e4 c5 2.Nf3 Nc6 3.Bb5 g6 4.O-O Bg7 5.c3 Nf6 6.Re1 O-O 7.d4 cxd4 8.cxd4 d5
9.e5 Ne4 10.Bxc6 bxc6 11.Nbd2 Bf5 12.Nb3 a5 13.Be3 a4 14.Nc5 Nxc5 15.dxc5 Bg4
16.Bd4 Qd7 17.h3 Bf5 18.Bc3 Qc7 19.Nd4 Bc8 20.f4 Bh6 21.f5 Bxf5 22.Nxf5 gxf5
23.Qh5 Bg7 24.Qxf5 e6 25.Qh5 Qe7 26.Bd4 Ra5 27.Rac1 Rb5 28.Rf1 f5 29.exf6 Rxf6
30.Bxf6 Bxf6 31.Rxf6 Qxf6 32.Qe8+ Kg7 33.Rf1  1-0

[Event "Paris-ch"]
[Site "Paris"]
[Date "1992.??.??"]
[Round "8"]
[White "Degraeve, Jean Marc"]
[Black "Rotstein, Arkadij"]
[Result "0-1"]
[WhiteElo "2470"]
[BlackElo "2410"]

1.e4 c5 2.Nf3 Nc6 3.Bb5 g6 4.O-O Bg7 5.c3 Nf6 6.Re1 O-O 7.d4 d5 8.exd5 Qxd5
9.c4 Qd6 10.d5 Ne5 11.Na3 a6 12.Ba4 b5 13.cxb5 Nxd5 14.Bg5 Be6 15.Qd2 axb5
16.Bxb5 Nc7 17.Qe2 Rfb8 18.Rad1 Qb6 19.Bf4 Nxb5 20.Nxb5 Rb7 21.a4 Bb3 22.Rd2 Nc4
23.Rd3 Bxa4 24.Nc7 Rxc7 25.Bxc7 Qxc7 26.b3 Bb5 27.bxc4 Bxc4 28.Qe4 Ra4 29.Red1 Bb3  0-1

[Event "Paris-ch"]
[Site "Paris"]
[Date "1992.??.??"]
[Round "8"]
[White "Hauchard, Arnaud"]
[Black "Ikonnikov, Vyacheslav"]
[Result "1/2-1/2"]
[WhiteElo "2420"]
[BlackElo "2490"]

1.e4 c5 2.Nf3 Nc6 3.Bb5 g6 4.Bxc6 dxc6 5.d3 Bg7 6.O-O Nf6 7.h3 O-O 8.Nc3 Nd7
9.Bg5 f6 10.Be3 e5 11.Nd2 Qe7 12.a4 Rd8 13.f4 exf4 14.Bxf4 Ne5 15.Qe1 Be6
16.Kh1 Rd7 17.Qe3 Rad8 18.Bxe5 fxe5 19.b3 b6 20.Nf3 Kh8 21.Rf2 Rf8 22.Raf1 Qd8
23.Nb1 Rdf7 24.Nbd2 g5 25.Nc4 Bxc4 26.bxc4 h5 27.Ng1 Rf4 28.g3 Rxf2 29.Rxf2 Rxf2
30.Qxf2 Qf6 31.Qf5 Qxf5 32.exf5 g4 33.hxg4 hxg4 34.Ne2 Bh6 35.Nc3 Kg7 36.Ne4 Be3
37.Kg2 a6 38.Kf1 b5 39.cxb5 cxb5 40.axb5 axb5 41.Ke2 Bd4 42.Nd6 c4 43.Nxb5 cxd3+
44.cxd3 Bg1 45.Kf1 Bb6 46.Nc3 Bd4 47.Ne4 Kf7 48.Ke2 Ke7 49.Kd2 Kf7 50.Kc2 Ke7
51.Kb3 Ba1 52.Kc4 Bb2 53.Kb3 Ba1 54.Kb4 Bd4 55.Kc4 Bb2 56.Kc5 Ba1 57.Kc6 Bb2
58.Kc7 Ba1 59.Kc6 Bb2 60.Kd5 Bd4 61.Nd2 Kf6 62.Ke4 Bf2 63.Nc4 Bxg3 64.Ne3 Kg5
65.Nxg4 Kxg4 66.f6 Be1 67.f7 Bb4 68.Kxe5 Kg5 69.d4 Kg6 70.Ke6 Kg7 71.d5  1/2-1/2

[Event "Parthenay op"]
[Site "Parthenay"]
[Date "1992.??.??"]
[Round "9"]
[White "Degraeve, Jean Marc"]
[Black "Hellers, Ferdinand"]
[Result "0-1"]
[WhiteElo "2480"]
[BlackElo "2500"]

1.e4 c5 2.Nf3 Nc6 3.Bb5 d6 4.O-O Bd7 5.c3 Nf6 6.Re1 a6 7.Bxc6 Bxc6 8.d4 Bxe4
9.Bg5 Bg6 10.d5 Qd7 11.Nbd2 b5 12.a4 Rc8 13.axb5 axb5 14.c4 b4 15.Ra6 e6
16.Nh4 Bh5 17.Qa1 Be7 18.Bxf6 gxf6 19.Ne4 O-O 20.Rxd6 Qc7 21.dxe6 Bxd6 22.Nxf6+ Kh8
23.Nxh5 fxe6 24.b3+ e5 25.Ng3 Be7 26.Nf3 Bf6 27.Ne4 Bg7 28.Nfg5 Qc6 29.Rd1 h6
30.Rd6 Qa8 31.Qd1 Kg8 32.Qh5 Rcd8 33.Rxd8 Rxd8 34.Qf7+ Kh8 35.h4 hxg5 36.Nxg5 Qc6
37.Ne6 Qd7 38.Qh5+ Kg8 39.Nxd8 Qxd8  0-1

[Event "World op"]
[Site "Philadelphia"]
[Date "1992.??.??"]
[Round "5"]
[White "Young, Ronald"]
[Black "Stone, Raymond"]
[Result "1-0"]
[WhiteElo "2305"]
[BlackElo "2355"]

1.e4 c5 2.Nf3 Nc6 3.Bb5 g6 4.O-O Bg7 5.d3 e5 6.Nbd2 Nge7 7.Nc4 d6 8.b4 cxb4
9.a3 b3 10.cxb3 O-O 11.Ne3 Nd4 12.a4 Be6 13.Bc4 d5 14.exd5 Nxd5 15.Nxd4 exd4
16.Nxd5 Bxd5 17.Re1 Qd7 18.Ba3 Rfe8 19.Rc1 Rxe1+ 20.Qxe1 Bxc4 21.Rxc4 Re8
22.Qd1 Qg4 23.f3 Qh4 24.g3 Qh5 25.Bc1 Qd5 26.Kf2 h5 27.Qc2 Kh7 28.Bf4 g5
29.Bc1 g4 30.Qd1  1-0

[Event "Philadelphia opI"]
[Site "Philadelphia"]
[Date "1992.??.??"]
[Round "8"]
[White "Fedorov, Vladislav"]
[Black "Delaune, Richard K"]
[Result "1-0"]
[WhiteElo "2395"]
[BlackElo "2355"]

1.e4 c5 2.Nf3 Nc6 3.Bb5 d6 4.O-O Bd7 5.c3 Nf6 6.Ba4 Nxe4 7.Re1 Nf6 8.d4 cxd4
9.cxd4 d5 10.Bg5 e6 11.a3 Be7 12.Nc3 a6 13.Bc2 b5 14.Ne5 Nxe5 15.dxe5 Ng8
16.Be3 Rc8 17.Qg4 Kf8 18.Bd3 Qe8 19.Rac1 f5 20.Qf3 g6 21.Ne2 Kg7 22.Bd4 Nh6
23.Qg3 Rf8 24.Nf4 Kg8 25.h4 Rxc1 26.Rxc1 Nf7 27.Nxg6 hxg6 28.Qxg6+ Kh8 29.Bxf5 Ng5
30.Qh6+ Kg8 31.Bg6 Nf3+ 32.gxf3 Rf7 33.Kh2  1-0